Регионална библиотека "Любен Каравелов" - Русе

Хаос (Запис номер 111729)

MARC детайли
000 -Лидер
Контролно поле с фиксирана дължина 01034nam a2200289 c 4500
003 - Код на организацията, давaща контролен номер
Контролно поле BLK
005 - Дата и час на последна редакция
Контролно поле 20180422110041.0
008 - Елементи от данни с фиксирана дължина
fixed length control field 180409b bul|||||r ||||||| ||bul||
010 ## - Наследен системен номер
LC control number KNG00117079000
020 ## - Международен стандартен номер на книга ISBN
Международен стандартен номер на книга ISBN 954-9554-56-2
-- издат.: Меценатиздат
040 ## - Източник на каталожния запис
Идентификатор на билиотеката - собственик на записа BLK
041 ## - Код за език
Код за езика на текст/звукозапис или на отделно заглавие Български
Код за езика КДБФ Български
080 ## - УДК
Текстов определител УДК Българска литература
УДК код - определител по УДК 821.163.2
УДК определител -22
УДК - код + определител 821.163.2-22
100 1# - Редна дума - Автор
Автор Георгиев, Стоян
Авторска отговорност първи автор
R(LIN) 363688
139 ## - Редно поле
Редна дума Георгиев, Стоян
Авторски знак Георгиев - Г 37
245 10 - Сведения за заглавието
Заглавие Хаос
Подзаглавни данни Публицист.-митол. комедия
Редно поле (дума) Стоян Георгиев.
257 ## - Страна на издаване
Страна на създаване/издаване България
260 ## - Област на издателските данни
-- Бургас
Име на издателя, разпространителя и проч. Меценатиздат
Година на издаване 2004
Печатница Бургас : ЛатинЕ
300 ## - Физическа характеристика
Страници 98 с.
Размери/Мащаб 20 см
380 ## - Жанр
Жанр Худож. лит.
500 ## - Общи забележки
Забележка Пълното име на авт. е Стоян Георгиев Стоянов
852 ## - Местоположение
Форматна сигнатура Цб 222316
856 4# - Електронен адрес и достъп
Електронен формат pdf - файл
Път до файла /url/
856 4# - Електронен адрес и достъп
Електронен формат pdf - файл
Път до файла /url/
942 ## - АРТИКУЛИ
Вид на библиотечния материал Книги
Скрит в OPAC Не
944 ## - СЪЗДАВАНЕ И РЕДАКЦИЯ на ЗАПИСА
Създаване/Редакция Създаване
Дата на регистрацията/редакция 24.01.2005
Служител, извършил регистрацията/редакцията Геновева_Генчева
944 ## - СЪЗДАВАНЕ И РЕДАКЦИЯ на ЗАПИСА
Създаване/Редакция Редакция
Дата на регистрацията/редакция 02.02.2005
Служител, извършил регистрацията/редакцията
999 ## - СИСТЕМНИ КОНТРОЛНИ НОМЕРА
Koha biblionumber 111729
Koha biblioitemnumber 111729
Наличности
Код за отписване Код за изгубен артикул Код за повреда Коз за рестрикции Код за отдаване Артикулен № Име на библиотеката - собственик Име на библиотеката, в която се намира в момента Статус (Текущо местоположение) Дата на вписване в системата Местоположение - отдел Цена в лева Инвентарен номер Систематично азбучна сигнатура Баркод Номер на екземпляра Цена в евро Служебна бележка Служебен тип на артикула
  Не е изгубен Не е повреден без рестрикции ползва се в читалня 179390 Регионална библиотека "Любен Каравелов" Русе Регионална библиотека "Любен Каравелов" Русе Хранилище 2005-01-24 Хранилище 0.00 120000691322 Цб 222316 120000691322 1 0.00 Дост: Dp Вид: Д N: 13 Дата: 17.03.2004 Книги
Vip Innovations Ltd, Rousse, Bulgaria 2025